| 000 | 00582nam a22002177a 4500 | ||
|---|---|---|---|
| 999 |
_c23978 _d23978 |
||
| 003 | Nust | ||
| 005 | 20190925164143.0 | ||
| 008 | 140429b xxu||||| |||| 00| 0 eng d | ||
| 020 | _a8129711532 | ||
| 038 | _aNusrat Nadeem | ||
| 040 |
_aDLC _bDLC _cRCMS |
||
| 082 | _a510.285 HAN | ||
| 100 |
_aHanselman,Duane _9712 |
||
| 245 | _aMastering MATLAB-7 | ||
| 260 |
_aIndia _bPearson Education _cc2005 |
||
| 300 |
_axi,864 p: _bill: _c26,cm. |
||
| 538 | _iSupercomputing Lab | ||
| 650 |
_aElectrical & Computer Engineering _9713 |
||
| 856 | _3Table of Content Only | ||
| 942 |
_2ddc _cBK |
||